Paideia; : (Record no. 21433)
[ view plain ]
| 000 -CABECERA | |
|---|---|
| campo de control de longitud fija | 00934nam a22002411a 4500 |
| 001 - NÚMERO DE CONTROL | |
| campo de control | 000021935 |
| 005 - FECHA Y HORA DE LA ÚLTIMA TRANSACCIÓN | |
| campo de control | 20250331134728.0 |
| 008 - DATOS DE LONGITUD FIJA--INFORMACIÓN GENERAL | |
| campo de control de longitud fija | 090822s1946 mx 000 0 spa |
| 040 ## - FUENTE DE LA CATALOGACIÓN | |
| Centro catalogador/agencia de origen | DO-SdBNP |
| Lengua de catalogación | spa |
| Centro/agencia transcriptor | BNPHU |
| 082 ## - NÚMERO DE LA CLASIFICACIÓN DECIMAL DEWEY | |
| Número de clasificación | 370.938 |
| Número de documento/Ítem | J22p |
| 049 ## - FONDOS LOCALES (OCLC) | |
| Fondos de biblioteca | BNGR |
| 100 1# - ENTRADA PRINCIPAL--NOMBRE DE PERSONA | |
| Nombre de persona | Jaeger, Werner Wilhelm, |
| Fechas asociadas al nombre | 1888-1961. |
| 9 (RLIN) | 28927 |
| 240 10 - TÍTULO UNIFORME | |
| Título uniforme | Paideia; die formung des griechischen menechen. |
| Lenguaje de la obra | Span. |
| 245 10 - MENCIÓN DE TÍTULO | |
| Título | Paideia; : |
| Resto del título | los ideales de la cultura griega / |
| Mención de responsabilidad, etc. | Versión española de Joaquín Xirau. |
| 260 ## - PUBLICACIÓN, DISTRIBUCIÓN, ETC. | |
| Lugar de publicación, distribución, etc. | Mexico, D. F. : |
| Nombre del editor, distribuidor, etc. | Fondo de cultura economica, |
| Fecha de publicación, distribución, etc. | 1946. |
| 300 ## - DESCRIPCIÓN FÍSICA | |
| Extensión | 1 v. ; |
| Dimensiones | 24 cm. |
| 500 ## - NOTA GENERAL | |
| Nota general | Incluye índice analítico. |
| 505 0# - NOTA DE CONTENIDO CON FORMATO | |
| Nota de contenido con formato | I. La primera Grecia. Culminacion y crisis del espiritu atico. Tr. de la 2. ed. alemana. |
| 650 #4 - PUNTO DE ACCESO ADICIONAL DE MATERIA--TÉRMINO DE MATERIA | |
| Término de materia o nombre geográfico como elemento de entrada | Educación |
| Subdivisión geográfica | Grecia |
| 9 (RLIN) | 28928 |
| 651 #0 - PUNTO DE ACCESO ADICIONAL DE MATERIA--NOMBRE GEOGRÁFICO | |
| Nombre geográfico | Grecia -- |
| Subdivisión general | Civilización |
| 9 (RLIN) | 28929 |
| 650 #4 - PUNTO DE ACCESO ADICIONAL DE MATERIA--TÉRMINO DE MATERIA | |
| Término de materia o nombre geográfico como elemento de entrada | Literatura griega |
| Subdivisión general | Historia y crítica. |
| 9 (RLIN) | 28930 |
| 700 1# - PUNTO DE ACCESO ADICIONAL--NOMBRE DE PERSONA | |
| Nombre de persona | Xirau, Joaquim, |
| Fechas asociadas al nombre | 1895- |
| Término indicativo de función/relación | tr. |
| 9 (RLIN) | 28931 |
| Estado de retiro | Estado de pérdida | Restricciones de uso | No para préstamo | Código de colección | Localización permanente | Ubicación/localización actual | Ubicación en estantería | Fecha de adquisición | Número de inventario | Total de préstamos | Signatura topográfica completa | Código de barras | Fecha visto por última vez | Precio válido a partir de | Tipo de ítem Koha |
|---|---|---|---|---|---|---|---|---|---|---|---|---|---|---|---|
| Monografías: Libros y Folletos | General | General | En catalogación | 14.09.2010 | LF1 | 370.938 J22p | 21935-10 | 25.06.2020 | 25.06.2020 | Préstamo en sala |
